| 000 | 01137nam a2200313 i 4500 | ||
|---|---|---|---|
| 001 | 118224 | ||
| 003 | ES-MaACL | ||
| 005 | 20250303062543.0 | ||
| 007 | t| | ||
| 008 | 070214s1984 sp |||| | spa d | ||
| 020 | _a84-85779-30-4 | ||
| 100 | 1 |
_aPardo Bazán, Emilia, _cCondesa de, _d1851-1921 _9176434 |
|
| 245 | 1 | 0 |
_aCuentos y novelas de la tierra / _cEmilia Pardo Bazán ; selección, introducción, prólogos y notas por Marina Mayoral. |
| 260 |
_aSantiago de Compostela : _bSálvora, _c1984. |
||
| 300 |
_a2 v. ; _c20 cm. |
||
| 490 | 1 | _aBiblioteca de autores gallegos | |
| 505 | 8 | _aContiene: 1. Cuentos del terruño ; Historias y cuentos de Galicia ; Cuentos de la tierra ; Finafrol - 2. Los pazos de Ulloa ; La madre naturaleza | |
| 700 | 1 |
_aMayoral, Marina. _979422 |
|
| 740 | 0 | 2 | _aCuentos del terruño. |
| 740 | 0 | 2 | _aHistorias y cuentos de Galicia. |
| 740 | 0 | 2 | _aCuentos de la tierra. |
| 740 | 0 | 2 | _aFinafrol. |
| 740 | 4 | 2 | _aLos pazos de Ulloa. |
| 740 | 3 | 2 | _aLa madre naturaleza. |
| 830 | 1 |
_aBiblioteca de autores gallegos _9181013 |
|
| 852 |
_aES-MaACL _jL-6428-29 |
||
| 942 | _2udc | ||
| 999 |
_c118224 _d118224 |
||